| 000 | 00415nam a2200181Ia 4500 | ||
|---|---|---|---|
| 001 | 19711 | ||
| 005 | 20260306172713.0 | ||
| 008 | 260306t2002||||xx |||||||||||||| ||spa|| | ||
| 041 | _aESP | ||
| 082 |
_a341 _bK26F |
||
| 100 |
_aKaufmann, Arthur _eAUT |
||
| 245 | 0 | _aFilosofía del derecho | |
| 260 | _c2002 | ||
| 300 |
_a655 páginas : _c25 cm. |
||
| 650 | _aGEN | ||
| 654 | _aCDE | ||
| 942 |
_cLIB _dJUS _fJUS _2ddc _n |
||
| 999 |
_c19711 _d19711 |
||